| 000 | 01096nam a2200301 c 4500 | ||
|---|---|---|---|
| 999 |
_c159379 _d159379 |
||
| 003 | BLK | ||
| 005 | 20220224110105.0 | ||
| 008 | 180410b bul|||||r ||||||| ||bul|| | ||
| 010 | _aKNG00166493000 | ||
| 040 | _aBLK | ||
| 041 |
_aBUL _cBUL |
||
| 072 | 7 |
_2bullib _aК _xКраезнание |
|
| 080 |
_aБългарска литература _b821.163.2 _x-2 _z821.163.2-2 |
||
| 100 | 1 |
_aВазов, Иван Минчов _eпърви автор _9363396 |
|
| 139 |
_aВазов, Иван Минчов _bВ 15 |
||
| 245 | 1 | 0 |
_aМихалаки чорбаджи _bКомедия в 2 д. _cИван Минчов Вазов. |
| 257 | _aBGR | ||
| 260 |
_bФакел _cб. г. _fСофия : кооп. печ. Гутенберг |
||
| 300 |
_a62 с. _c18,5 см |
||
| 380 | _aX | ||
| 490 | 1 |
_aБиблиотека Иван Вазов _v- 103 |
|
| 659 | _aК | ||
| 852 | _aЦб І 12164 | ||
| 852 | _aК 821.163.2/В 15 И | ||
| 856 | 4 | _qpdf | |
| 856 | 4 | _qpdf | |
| 942 |
_cKNG _n0 _s1 |
||
| 944 |
_aCR _c30.10.2014 _l30.10.2014 - от С1,Р / 30.10.2014 _kНора_Радева |
||
| 944 |
_aED _c30.10.2014 _l30.10.2014 - от С1,Р / 30.10.2014 |
||
| 999 | _d159379 | ||